The crisis of Empire in Mughal North India (Record no. 218097)

MARC details
000 -LEADER
fixed length control field 00498nam a2200205Ia 4500
008 - FIXED-LENGTH DATA ELEMENTS--GENERAL INFORMATION
fixed length control field 240823s9999||||xx |||||||||||||| ||und||
020 ## - INTERNATIONAL STANDARD BOOK NUMBER
International Standard Book Number 978-0-19-807741-1
082 ## - DEWEY DECIMAL CLASSIFICATION NUMBER
-- 954.029 Q3
100 ## - MAIN ENTRY--PERSONAL NAME
Personal name Muzaffar
245 #4 - TITLE STATEMENT
Title The crisis of Empire in Mughal North India
250 ## - EDITION STATEMENT
Edition statement 2nd
260 ## - PUBLICATION, DISTRIBUTION, ETC. (IMPRINT)
Date of publication, distribution, etc 2013
Name of publisher, distributor, etc Oxford University
Place of publication, distribution, etc New Delhi
500 ## - GENERAL NOTE
General note YES
650 ## - SUBJECT ADDED ENTRY--TOPICAL TERM
Topical term or geographic name as entry element General
700 ## - ADDED ENTRY--PERSONAL NAME
Personal name " Alam,"
942 ## - ADDED ENTRY ELEMENTS (KOHA)
Item type Books
Holdings
Withdrawn status Lost status Damaged status Permanent location Current location Shelving location Date acquired Source of acquisition Cost, normal purchase price Full call number Barcode Date last seen Koha item type
      CENTRAL LIBRARY, NOORUL ISLAM CENTRE FOR HIGHER EDUCATION CENTRAL LIBRARY, NOORUL ISLAM CENTRE FOR HIGHER EDUCATION   02/19/2014 TBH Library Book Suppliers 450.00 954.029 Q3 67549 08/23/2024 Books
Visitors:
Copyright © 2024 Central Library NICHE.  All rights reserved.